[Event "Fagernes op"]
[Site "Fagernes"]
[Date "2024.03.28"]
[Round "6"]
[White "Skramstad, Oda Kofoed"]
[Black "Southcott Moyers, Indy"]
[Result "1/2-1/2"]
[WhiteElo "1945"]
[BlackElo "2120"]
[PlyCount "45"]
[EventDate "2024.03.24"]
[EventType "swiss"]
[EventRounds "9"]
[EventCountry "NOR"]
[SourceTitle "CB14_2024"]
[SourceDate "2024.04.01"]
[SourceVersion "1"]
[SourceVersionDate "2024.04.01"]
[SourceQuality "1"]

1. d4 d5 2. c4 e6 3. Nc3 Nf6 4. Bg5 dxc4 5. e3 c5 6. Nf3 cxd4 7. exd4 Be7 8. Bxc4 Nc6 9. 0-0 0-0 10. Re1 a6 11. Rc1 b5 12. Bb3 Bb7 13. Bxf6 Bxf6 14. d5 exd5 15. Nxd5 Na5 16. Nxf6+ Qxf6 17. Ne5 Nxb3 18. Qxb3 Rad8 19. h3 Qg5 20. Nf3 Qf6 21. Ne5 Qg5 22. Nf3 Qf6 23. Ne5 1/2-1/2

[Event "Fagernes op"]
[Site "Fagernes"]
[Date "2024.03.27"]
[Round "5"]
[White "Southcott Moyers, Indy"]
[Black "Petkov, Momchil"]
[Result "0-1"]
[WhiteElo "2120"]
[BlackElo "2500"]
[PlyCount "110"]
[EventDate "2024.03.24"]
[EventType "swiss"]
[EventRounds "9"]
[EventCountry "NOR"]
[SourceTitle "CB14_2024"]
[SourceDate "2024.04.01"]
[SourceVersion "1"]
[SourceVersionDate "2024.04.01"]
[SourceQuality "1"]

1. d4 Nf6 2. c4 e6 3. Nf3 d5 4. Nc3 Bb4 5. cxd5 exd5 6. Bg5 Nbd7 7. Qc2 c5 8. dxc5 Qa5 9. Bd2 Nxc5 10. a3 Ne6 11. e3 Bd7 12. Bd3 Rc8 13. 0-0 Be7 14. Ne5 Bc6 15. Nxc6 bxc6 16. e4 d4 17. Nd5 Qc5 18. Qxc5 Bxc5 19. Nxf6+ gxf6 20. Rac1 Kd7 21. g3 Bd6 22. b4 a5 23. b5 Bxa3 24. Rxc6 Rxc6 25. bxc6+ Kxc6 26. Bxa5 Ra8 27. Bd2 Nc5 28. Bc4 Nxe4 29. Bh6 Bf8 30. Bf4 Bd6 31. Bh6 Bc5 32. Bxf7 d3 33. Kg2 Rd8 34. Bh5 Kb5 35. Bf3 Nc3 36. Bd2 Bb4 37. h4 Kc4 38. g4 Na2 39. Bxb4 Nxb4 40. Kg3 Nc2 41. g5 d2 42. Rd1 Kd3 43. Bg4 Nd4 44. Ra1 Ne2+ 45. Kg2 Rd4 46. Ra3+ Nc3 47. Bf5+ Kc4 48. Bc2 fxg5 49. hxg5 Rg4+ 50. Kh3 Rg1 51. Ra7 Rc1 52. Rc7+ Kb4 53. Rb7+ Nb5 54. Kh4 Rxc2 55. Rd7 Rc4+ 0-1

[Event "Cambridge op 2nd"]
[Site "Cambridge"]
[Date "2024.02.19"]
[Round "2"]
[White "Adams, Michael"]
[Black "Southcott Moyers, Indy"]
[Result "1-0"]
[WhiteElo "2673"]
[BlackElo "2100"]
[PlyCount "81"]
[EventDate "2024.02.19"]
[EventType "swiss"]
[EventRounds "9"]
[EventCountry "ENG"]
[SourceTitle "CB09_2024"]
[SourceDate "2024.02.28"]
[SourceVersion "1"]
[SourceVersionDate "2024.02.28"]
[SourceQuality "1"]

1. e4 e5 2. Nf3 Nc6 3. Bb5 Nf6 4. d3 Bc5 5. Bxc6 dxc6 6. Nbd2 Nd7 7. Nc4 Qe7 8. 0-0 0-0 9. Re1 Re8 10. c3 f6 11. d4 Bd6 12. b3 Nb6 13. dxe5 Nxc4 14. exd6 Nxd6 15. e5 fxe5 16. Rxe5 Qf8 17. Rxe8 Qxe8 18. Qd4 Qe4 19. Qxe4 Nxe4 20. c4 Bg4 21. Ne1 Bf5 22. f3 Nc5 23. Be3 Nd7 24. Rd1 Be6 25. Nd3 Kf7 26. Bf4 Rc8 27. Kf2 a5 28. g4 a4 29. Kg3 c5 30. Re1 axb3 31. axb3 b5 32. cxb5 Rb8 33. Bxc7 Rxb5 34. Nf4 Bxb3 35. Bd6 Nf6 36. Re7+ Kg8 37. g5 Rb6 38. Bc7 Kf8 39. Bxb6 Kxe7 40. Bxc5+ Kf7 41. gxf6 1-0

[Event "Hastings Masters op"]
[Site "Hastings"]
[Date "2024.01.02"]
[Round "6"]
[White "Steiners, Emils"]
[Black "Southcott Moyers, Indy"]
[Result "1/2-1/2"]
[WhiteElo "1993"]
[BlackElo "2123"]
[PlyCount "68"]
[EventDate "2023.12.28"]
[EventType "swiss"]
[EventRounds "9"]
[EventCountry "ENG"]
[SourceTitle "CB02_2024"]
[SourceDate "2024.01.10"]
[SourceVersion "1"]
[SourceVersionDate "2024.01.10"]
[SourceQuality "1"]

1. d4 d5 2. c4 e6 3. Nc3 Nf6 4. cxd5 exd5 5. Bg5 Be7 6. e3 c6 7. Qc2 Nbd7 8. Bd3 Nh5 9. Bxe7 Qxe7 10. 0-0-0 Nb6 11. h3 g6 12. Nf3 Be6 13. Kb1 0-0-0 14. Rhe1 Kb8 15. Na4 Nxa4 16. Qxa4 Ng7 17. Rc1 Bf5 18. Bxf5 Nxf5 19. Rc3 Nd6 20. Qb4 Nc8 21. Qxe7 Nxe7 22. Ne5 Rhf8 23. Kc2 Nf5 24. b3 Nd6 25. Kd1 Kc7 26. f3 Rde8 27. Kd2 f6 28. Nd3 Re7 29. g4 Kd8 30. a4 a6 31. Nc5 Rfe8 32. Nd3 Rf8 33. Rc2 Rfe8 34. Rc3 Rf8 1/2-1/2

[Event "Hastings Masters op"]
[Site "Hastings"]
[Date "2024.01.01"]
[Round "5"]
[White "Southcott Moyers, Indy"]
[Black "Teh, Wee Zhun"]
[Result "1/2-1/2"]
[WhiteElo "2123"]
[BlackElo "1858"]
[PlyCount "148"]
[EventDate "2023.12.28"]
[EventType "swiss"]
[EventRounds "9"]
[EventCountry "ENG"]
[SourceTitle "CB02_2024"]
[SourceDate "2024.01.10"]
[SourceVersion "1"]
[SourceVersionDate "2024.01.10"]
[SourceQuality "1"]

1. d4 d5 2. c4 c6 3. e3 Nf6 4. Nf3 Bf5 5. Nc3 a6 6. a4 h6 7. Qb3 Ra7 8. a5 e6 9. Qb6 Qxb6 10. axb6 Ra8 11. c5 Nbd7 12. Nd2 Nxc5 13. dxc5 Bxc5 14. Na4 Bb4 15. Be2 0-0 16. 0-0 Nd7 17. Nb3 Bc2 18. Bd2 Bxd2 19. Nxd2 Bxa4 20. Rxa4 c5 21. Nb3 Nxb6 22. Ra3 c4 23. Nc5 Rab8 24. b4 Rfd8 25. f4 Nd7 26. Na4 Nf6 27. Nc3 d4 28. exd4 Rxd4 29. b5 Nd5 30. g3 Nxc3 31. Rxc3 axb5 32. Rb1 e5 33. Rxb5 exf4 34. Rxc4 Rxc4 35. Bxc4 fxg3 36. hxg3 b6 37. Rd5 Rc8 38. Ba6 Rc7 39. Rd6 g6 40. Rxb6 Kg7 41. Kg2 h5 42. Bb5 Re7 43. Bc4 Rc7 44. Bb3 Rd7 45. Kf3 Rd3+ 46. Kf2 Rd7 47. Ke3 Re7+ 48. Kf4 Rd7 49. Rb5 Rd4+ 50. Ke3 Rd7 51. Bd5 Ra7 52. Ke4 Ra4+ 53. Kf3 Ra7 54. Bb3 Rc7 55. Kf4 Rd7 56. Bd5 Rd8 57. Ke5 Re8+ 58. Kd4 Re7 59. Rb3 Kf6 60. Rf3+ Kg7 61. Kc5 Ra7 62. Kd6 Ra6+ 63. Ke5 Ra7 64. Rb3 Re7+ 65. Kd6 Ra7 66. Bc6 Kf6 67. Kd5 Kg5 68. Ke4 Ra6 69. Bd5 f6 70. Kf3 f5 71. Rc3 Ra4 72. Rc4 Rxc4 73. Bxc4 h4 74. gxh4+ Kxh4 1/2-1/2

[Event "Hastings Masters op"]
[Site "Hastings"]
[Date "2023.12.29"]
[Round "2"]
[White "Gormally, Daniel"]
[Black "Southcott Moyers, Indy"]
[Result "1/2-1/2"]
[WhiteElo "2442"]
[BlackElo "2123"]
[PlyCount "111"]
[EventDate "2023.12.28"]
[EventType "swiss"]
[EventRounds "9"]
[EventCountry "ENG"]
[SourceTitle "CB02_2024"]
[SourceDate "2024.01.10"]
[SourceVersion "1"]
[SourceVersionDate "2024.01.10"]
[SourceQuality "1"]

1. d4 d5 2. c4 e6 3. Nf3 Nf6 4. Nc3 a6 5. cxd5 exd5 6. Bg5 Be6 7. e3 Nbd7 8. Bd3 Bd6 9. 0-0 c6 10. Nd2 Qc7 11. f4 h6 12. Bh4 Bg4 13. Qc2 g5 14. Bg3 0-0-0 15. b4 Nh5 16. Bf5 Bxf5 17. Qxf5 Nxg3 18. hxg3 Kb8 19. a3 Nb6 20. e4 dxe4 21. Ndxe4 gxf4 22. gxf4 Qd7 23. Qxd7 Rxd7 24. Nc5 Bxc5 25. dxc5 Nc4 26. a4 Ne3 27. Rf3 Nc2 28. Rb1 Re8 29. b5 axb5 30. axb5 cxb5 31. Nxb5 Nd4 32. Nxd4 Rxd4 33. c6 Re7 34. Kh2 Rc4 35. cxb7 Rxb7 36. Rxb7+ Kxb7 37. Kg3 Kc6 38. Rd3 h5 39. Rd2 Rb4 40. Kf3 Ra4 41. g3 Ra5 42. Rd8 Rd5 43. Rf8 f5 44. Kg2 Kd7 45. Kh3 Ke7 46. Rh8 Kf6 47. Kh4 Rd3 48. Rh6+ Kg7 49. Rxh5 Kg6 50. Rg5+ Kf6 51. Kh5 Rc3 52. Kh6 Rb3 53. Rg8 Kf7 54. Rg6 Rc3 55. Kh5 Rb3 56. Rg5 1/2-1/2

[Event "Witney op-A 10th"]
[Site "Witney"]
[Date "2023.11.04"]
[Round "1"]
[White "Vaidyanathan, Adithya"]
[Black "Southcott Moyers, Indy"]
[Result "1/2-1/2"]
[WhiteElo "1959"]
[BlackElo "2215"]
[PlyCount "90"]
[EventDate "2023.11.04"]
[EventType "swiss"]
[EventRounds "5"]
[EventCountry "ENG"]
[SourceTitle "CB46_2023"]
[SourceDate "2023.11.15"]
[SourceVersion "1"]
[SourceVersionDate "2023.11.15"]
[SourceQuality "1"]

1. Nf3 d5 2. d4 Nf6 3. c4 c6 4. cxd5 cxd5 5. Nc3 Nc6 6. Bf4 Bf5 7. e3 e6 8. Qb3 Bb4 9. Bb5 0-0 10. 0-0 Bxc3 11. Qxc3 Rc8 12. Qa3 Qb6 13. Bxc6 Rxc6 14. Rac1 Rfc8 15. b3 Qa6 16. Qxa6 bxa6 17. Rxc6 Rxc6 18. Bb8 Rc2 19. Bxa7 Rxa2 20. Rc1 Rc2 21. Rxc2 Bxc2 22. b4 Bd3 23. Ne5 Bb5 24. f3 Ne8 25. Bc5 f6 26. Ng4 Kf7 27. Nf2 Be2 28. Nh3 g5 29. Kf2 Bc4 30. e4 Kg6 31. Ke3 Nc7 32. Nf2 Nb5 33. Nd1 Na3 34. Nc3 Nb5 35. Nxb5 axb5 36. exd5 Bxd5 37. Bd6 g4 38. fxg4 Bxg2 39. Kf4 Bd5 40. Be7 Bb3 41. h4 Bd1 42. Bd8 Be2 43. Be7 Bd1 44. Bd8 Be2 45. Be7 Bd1 1/2-1/2

[Event "World ol U16"]
[Site "Eindhoven"]
[Date "2023.08.15"]
[Round "4.10"]
[White "Harsh, Suresh"]
[Black "Southcott Moyers, Indy"]
[Result "1/2-1/2"]
[WhiteElo "2324"]
[BlackElo "2006"]
[PlyCount "56"]
[EventDate "2023.08.13"]
[EventType "team-swiss"]
[EventRounds "9"]
[EventCountry "NED"]
[SourceTitle "CBM 215 Extra"]
[Source "ChessBase"]
[SourceDate "2023.09.30"]
[SourceVersion "1"]
[SourceVersionDate "2023.09.30"]
[SourceQuality "1"]
[WhiteTeam "India"]
[BlackTeam "England"]
[WhiteTeamCountry "IND"]
[BlackTeamCountry "ENG"]

1. d4 d5 2. Nf3 Nf6 3. c3 c6 4. Bf4 Bf5 5. e3 e6 6. Qb3 Qb6 7. Nbd2 Be7 8. c4 Nbd7 9. c5 Qxb3 10. axb3 0-0 11. b4 Nh5 12. Ne5 Nxf4 13. Nxd7 Rfd8 14. Ne5 Ng6 15. Nxg6 Bxg6 16. b5 a5 17. f4 b6 18. cxb6 cxb5 19. Bxb5 Rab8 20. b3 Rxb6 21. Ba4 Bb4 22. Ke2 Rbb8 23. Rhc1 Rbc8 24. Nf3 Bc3 25. Ra2 Bb4 26. Raa1 Bc3 27. Ra2 Bb4 28. Raa1 Bc3 1/2-1/2

[Event "World ol U16"]
[Site "Eindhoven"]
[Date "2023.08.15"]
[Round "5.17"]
[White "Southcott Moyers, Indy"]
[Black "Su, Ethan"]
[Result "1-0"]
[WhiteElo "2006"]
[BlackElo "1778"]
[PlyCount "97"]
[EventDate "2023.08.13"]
[EventType "team-swiss"]
[EventRounds "9"]
[EventCountry "NED"]
[SourceTitle "CBM 215 Extra"]
[Source "ChessBase"]
[SourceDate "2023.09.30"]
[SourceVersion "1"]
[SourceVersionDate "2023.09.30"]
[SourceQuality "1"]
[WhiteTeam "England"]
[BlackTeam "Canada III"]
[WhiteTeamCountry "ENG"]
[BlackTeamCountry "CAN"]

1. d4 Nf6 2. c4 e6 3. Nf3 d5 4. Nc3 dxc4 5. e4 Bb4 6. Bxc4 Nxe4 7. 0-0 Nxc3 8. bxc3 Be7 9. Ne5 0-0 10. Re1 Nd7 11. Qg4 Nf6 12. Qg3 Kh8 13. Bd3 c5 14. Bg5 Nh5 15. Qh3 Bxg5 16. Qxh5 g6 17. Bxg6 fxg6 18. Nxg6+ Kg7 19. Nxf8 Kxf8 20. Qxh7 Qe7 21. Qh8+ Kf7 22. Re5 cxd4 23. Qh5+ Kf8 24. Rxg5 Qf6 25. Rg6 Qf5 26. Qh8+ Ke7 27. Rg7+ Kd6 28. Qd8+ Kc6 29. Rc7+ Kb5 30. cxd4 b6 31. Rxc8 Rxc8 32. Qxc8 Qe4 33. Qd7+ Ka6 34. h3 e5 35. Qc8+ Ka5 36. Qc3+ Ka6 37. dxe5 Qd5 38. Rc1 Kb5 39. Qb3+ Qxb3 40. axb3 Kb4 41. e6 a5 42. e7 Kxb3 43. e8Q Kb4 44. Qe4+ Ka3 45. Qd3+ Ka4 46. Qc4+ Ka3 47. Rc3+ Kb2 48. Qb3+ Ka1 49. Rc1# 1-0

[Event "Belgrade Serbia op"]
[Site "Belgrade"]
[Date "2023.07.21"]
[Round "6"]
[White "Shohat, Yotam"]
[Black "Southcott Moyers, Indy"]
[Result "1-0"]
[WhiteElo "2363"]
[BlackElo "2086"]
[PlyCount "69"]
[EventDate "2023.07.16"]
[EventType "swiss"]
[EventRounds "9"]
[EventCountry "SRB"]
[SourceTitle "CBM 215 Extra"]
[Source "ChessBase"]
[SourceDate "2023.09.30"]
[SourceVersion "1"]
[SourceVersionDate "2023.09.30"]
[SourceQuality "1"]

1. e4 e5 2. Nf3 Nc6 3. Bb5 Nf6 4. d3 Bc5 5. c3 d6 6. 0-0 0-0 7. h3 h6 8. Re1 a6 9. Ba4 Ba7 10. Nbd2 Ne7 11. Nf1 Ng6 12. Ng3 c6 13. d4 Re8 14. Be3 b5 15. Bc2 Be6 16. a4 Qc7 17. Qc1 Kh7 18. Nf5 Bxf5 19. exf5 Nf8 20. dxe5 dxe5 21. axb5 cxb5 22. Bxa7 Rxa7 23. Qe3 N8d7 24. Red1 Nb6 25. Bb3 Raa8 26. Bxf7 Qxf7 27. Qxb6 Qh5 28. Re1 Qxf5 29. Rxa6 Rab8 30. Qc5 Nd7 31. Qe3 b4 32. Ra7 Nf6 33. c4 e4 34. Nd4 Qc5 35. Rxg7+ 1-0

[Event "Belgrade Serbia op"]
[Site "Belgrade"]
[Date "2023.07.20"]
[Round "5"]
[White "Southcott Moyers, Indy"]
[Black "Mateus Urbano, Luis Alejandro"]
[Result "1/2-1/2"]
[WhiteElo "2086"]
[BlackElo "2331"]
[PlyCount "96"]
[EventDate "2023.07.16"]
[EventType "swiss"]
[EventRounds "9"]
[EventCountry "SRB"]
[SourceTitle "CBM 215 Extra"]
[Source "ChessBase"]
[SourceDate "2023.09.30"]
[SourceVersion "1"]
[SourceVersionDate "2023.09.30"]
[SourceQuality "1"]

1. d4 d5 2. Bf4 Nf6 3. e3 c5 4. c3 Nc6 5. Nd2 e6 6. Ngf3 Bd6 7. Bg3 0-0 8. Bd3 b6 9. e4 dxe4 10. Nxe4 Nxe4 11. Bxe4 Bb7 12. dxc5 Bxc5 13. Qa4 Qc8 14. Bxh7+ Kxh7 15. Qh4+ Kg8 16. Ng5 Rd8 17. Qh7+ Kf8 18. Qh8+ Ke7 19. Qxg7 Rf8 20. Nh7 e5 21. Qf6+ Ke8 22. Nxf8 Be7 23. Qh8 Bxf8 24. 0-0 Qf5 25. Rfe1 f6 26. Rad1 Kf7 27. Qh4 Be7 28. Qc4+ Kg7 29. Kh1 Rc8 30. Qb5 Rd8 31. Rxd8 Nxd8 32. Qe8 Qe6 33. f4 Nf7 34. fxe5 fxe5 35. Qb5 Bf6 36. Qe2 Qxa2 37. Qg4+ Kf8 38. Qb4+ Be7 39. Qb5 Bd6 40. c4 Ba6 41. Qd7 Qxc4 42. Qxa7 Bb5 43. Qxb6 Bc6 44. Qf2 Qd3 45. Rf1 Bb5 46. Re1 Bc6 47. Rf1 Bb5 48. Re1 Bc6 1/2-1/2

[Event "Belgrade Serbia op"]
[Site "Belgrade"]
[Date "2023.07.18"]
[Round "3"]
[White "Southcott Moyers, Indy"]
[Black "Saravanan, Venkat"]
[Result "1/2-1/2"]
[WhiteElo "2086"]
[BlackElo "2298"]
[PlyCount "104"]
[EventDate "2023.07.16"]
[EventType "swiss"]
[EventRounds "9"]
[EventCountry "SRB"]
[SourceTitle "CBM 215 Extra"]
[Source "ChessBase"]
[SourceDate "2023.09.30"]
[SourceVersion "1"]
[SourceVersionDate "2023.09.30"]
[SourceQuality "1"]

1. d4 Nf6 2. Nf3 g6 3. Bf4 Bg7 4. e3 0-0 5. Be2 d6 6. h3 c5 7. Nbd2 b6 8. 0-0 Bb7 9. c3 Nbd7 10. a4 a6 11. Bh2 Qc7 12. Bd3 e5 13. dxe5 Nxe5 14. Nxe5 dxe5 15. Qe2 Qc6 16. e4 Rfe8 17. Nc4 Nh5 18. a5 b5 19. Nb6 c4 20. Bc2 Rad8 21. Rad1 Nf4 22. Bxf4 exf4 23. Qf3 Qc7 24. Rxd8 Rxd8 25. Rd1 Rxd1+ 26. Qxd1 Be5 27. Nd7 Bg7 28. Nb6 Bc6 29. Qd2 Be5 30. Kf1 Kf8 31. f3 Ke8 32. Ke2 Qd8 33. Qxd8+ Kxd8 34. Nd5 Kd7 35. Kd2 Kd6 36. b3 cxb3 37. Bxb3 f5 38. Kd3 fxe4+ 39. fxe4 Kc5 40. Nb4 Bb7 41. Bd5 Bc8 42. Bg8 h6 43. Bh7 Bc7 44. Bxg6 Bxa5 45. Nd5 f3 46. gxf3 Bxh3 47. f4 Bf1+ 48. Kc2 Bd8 49. Ne3 Bh3 50. e5 Bc7 51. Kd2 a5 52. Ke2 Bd7 1/2-1/2

[Event "Belgrade Serbia op"]
[Site "Belgrade"]
[Date "2023.07.16"]
[Round "1"]
[White "Southcott Moyers, Indy"]
[Black "Lyutsinger, Iren"]
[Result "1-0"]
[WhiteElo "2086"]
[BlackElo "1807"]
[PlyCount "117"]
[EventDate "2023.07.16"]
[EventType "swiss"]
[EventRounds "9"]
[EventCountry "SRB"]
[SourceTitle "CBM 215 Extra"]
[Source "ChessBase"]
[SourceDate "2023.09.30"]
[SourceVersion "1"]
[SourceVersionDate "2023.09.30"]
[SourceQuality "1"]

1. d4 Nf6 2. c4 g6 3. Nc3 Bg7 4. e4 d6 5. Be2 0-0 6. Nf3 c5 7. d5 e5 8. 0-0 Ne8 9. Ne1 f5 10. Nd3 Nd7 11. Rb1 Ndf6 12. f3 f4 13. b4 b6 14. Qe1 g5 15. Bd1 Rf7 16. bxc5 bxc5 17. Ba4 Bd7 18. Qd1 h5 19. Bc6 Bxc6 20. dxc6 Qc7 21. Qa4 Rc8 22. Rb7 Qxc6 23. Rxf7 Kxf7 24. Qxa7+ Rc7 25. Qa4 Qxa4 26. Nxa4 Ra7 27. Nc3 Nc7 28. Bd2 Ra3 29. Nb2 Ne6 30. Nba4 Nd4 31. Kf2 g4 32. Bc1 g3+ 33. hxg3 fxg3+ 34. Ke1 Kg6 35. Bxa3 Nc2+ 36. Kd2 Nxa3 37. Kd3 h4 38. Ne2 Nh5 39. Rh1 Kg5 40. Kc3 d5 41. Nxc5 d4+ 42. Kd3 Bf6 43. Nd7 Bg7 44. Nc5 Bf6 45. Ne6+ Kg6 46. Nc7 Kg5 47. Nd5 Bd8 48. c5 Nb5 49. Rb1 Nc7 50. Rb8 Ne6 51. c6 Nc5+ 52. Kc4 d3 53. Nec3 h3 54. gxh3 g2 55. Rb1 Kh4 56. Kxc5 Kg3 57. Kc4 Kf2 58. Kxd3 Ng3 59. Rb2+ 1-0

[Event "Paracin op 16th"]
[Site "Paracin"]
[Date "2023.07.10"]
[Round "4"]
[White "Saksham, Singh"]
[Black "Southcott Moyers, Indy"]
[Result "1/2-1/2"]
[WhiteElo "1859"]
[BlackElo "2086"]
[PlyCount "30"]
[EventDate "2023.07.07"]
[EventType "swiss"]
[EventRounds "9"]
[EventCountry "SRB"]
[SourceTitle "EXT 2024"]
[Source "ChessBase"]
[SourceDate "2023.10.10"]
[SourceVersion "1"]
[SourceVersionDate "2023.10.10"]
[SourceQuality "1"]

1. e4 e5 2. Nf3 Nc6 3. Bb5 Nf6 4. 0-0 Nxe4 5. d4 Nd6 6. Bxc6 dxc6 7. dxe5 Nf5 8. Qxd8+ Kxd8 9. h3 h5 10. Nc3 Ke8 11. Rd1 Be7 12. Bf4 Be6 13. Ng5 Rh6 14. Nxe6 Rxe6 15. Rd3 Rd8 1/2-1/2

[Event "Daventry 4NCL op-A 30th"]
[Site "Daventry"]
[Date "2023.06.18"]
[Round "5"]
[White "Southcott Moyers, Indy"]
[Black "Larchikov, Maksym"]
[Result "1-0"]
[WhiteElo "2098"]
[BlackElo "1839"]
[PlyCount "95"]
[EventDate "2023.06.16"]
[EventType "swiss"]
[EventRounds "5"]
[EventCountry "ENG"]
[SourceTitle "CBM 214 Extra"]
[Source "ChessBase"]
[SourceDate "2023.07.31"]
[SourceVersion "1"]
[SourceVersionDate "2023.07.31"]
[SourceQuality "1"]

1. d4 d5 2. c4 e6 3. Nf3 Nf6 4. Nc3 Be7 5. Bg5 0-0 6. e3 h6 7. Bh4 b6 8. cxd5 Nxd5 9. Bxe7 Qxe7 10. Nxd5 exd5 11. Bd3 Be6 12. 0-0 c5 13. dxc5 bxc5 14. Rc1 Nd7 15. Qc2 a5 16. b3 Rfc8 17. Bf5 a4 18. Bxe6 fxe6 19. e4 axb3 20. axb3 d4 21. Nd2 e5 22. Nc4 Qe6 23. Ra1 Rcb8 24. h3 Kh8 25. Kh2 Ra6 26. Rxa6 Qxa6 27. f4 exf4 28. Rxf4 Qg6 29. Qd3 Rf8 30. Rxf8+ Nxf8 31. Qf3 Nd7 32. g4 Qe6 33. Qf5 Qxf5 34. gxf5 Nf6 35. Nd2 Nd7 36. Nc4 Nf6 37. e5 Ne4 38. Kg2 d3 39. Kf3 d2 40. Ke2 Ng3+ 41. Kxd2 Nxf5 42. Kd3 g5 43. Nd6 Nd4 44. Ke4 Ne6 45. Kf5 Nd8 46. e6 Nc6 47. Kf6 Kh7 48. Nf7 1-0

[Event "Daventry 4NCL op-A 30th"]
[Site "Daventry"]
[Date "2023.06.17"]
[Round "2"]
[White "Arora, Tashika"]
[Black "Southcott Moyers, Indy"]
[Result "1/2-1/2"]
[WhiteElo "1807"]
[BlackElo "2098"]
[PlyCount "77"]
[EventDate "2023.06.16"]
[EventType "swiss"]
[EventRounds "5"]
[EventCountry "ENG"]
[SourceTitle "CBM 214 Extra"]
[Source "ChessBase"]
[SourceDate "2023.07.31"]
[SourceVersion "1"]
[SourceVersionDate "2023.07.31"]
[SourceQuality "1"]

1. d4 d5 2. Nf3 Nf6 3. c4 c6 4. Nc3 dxc4 5. a4 Bf5 6. Ne5 Nbd7 7. Nxc4 Nb6 8. Ne5 a5 9. e3 Nbd7 10. Nxd7 Qxd7 11. Bc4 e5 12. dxe5 Qxd1+ 13. Nxd1 Nd7 14. f4 Bb4+ 15. Bd2 Nc5 16. Nf2 Ke7 17. g4 Be6 18. Bxe6 fxe6 19. Bc3 Nb3 20. Rd1 Nc5 21. Ra1 h5 22. g5 Bxc3+ 23. bxc3 b5 24. axb5 cxb5 25. Ke2 a4 26. Rhb1 Nb3 27. Ra2 Rhc8 28. Ne4 b4 29. Kd3 bxc3 30. Nxc3 Rd8+ 31. Ke2 Rac8 32. Rc2 Rc5 33. Rbb2 Rdc8 34. Kd3 Rd8+ 35. Ke2 Ra8 36. Kd3 Rd8+ 37. Ke2 Rdc8 38. Kd3 Rd8+ 39. Ke2 1/2-1/2

[Event "ENG-ch Chessable"]
[Site "Kenilworth"]
[Date "2023.05.28"]
[Round "6"]
[White "Pert, Max P"]
[Black "Southcott Moyers, Indy"]
[Result "1/2-1/2"]
[WhiteElo "1848"]
[BlackElo "2040"]
[PlyCount "56"]
[EventDate "2023.05.26"]
[EventType "swiss"]
[EventRounds "7"]
[EventCountry "ENG"]
[SourceTitle "CBM 214 Extra"]
[Source "ChessBase"]
[SourceDate "2023.07.31"]
[SourceVersion "1"]
[SourceVersionDate "2023.07.31"]
[SourceQuality "1"]

1. d4 d5 2. Nf3 Nf6 3. c4 c6 4. Nc3 dxc4 5. e4 b5 6. Be2 e6 7. 0-0 Be7 8. a4 b4 9. e5 bxc3 10. exf6 Bxf6 11. bxc3 0-0 12. Bxc4 Ba6 13. Qe2 Bxc4 14. Qxc4 Qd5 15. Qxd5 cxd5 16. Rb1 Nc6 17. Ba3 Rfc8 18. Rb7 Bd8 19. Bc5 Ba5 20. Rb3 Bd8 21. Rfb1 Na5 22. R3b2 Nc4 23. Rb7 Bb6 24. g3 h6 25. Bxb6 axb6 26. Rb4 Ra6 27. Ne5 Nxe5 28. dxe5 Rxc3 1/2-1/2